Hyperbolicity and sensitive chaotic dynamics at homoclinic bifurcations : fractal dimensions and infinitely many attractors /

Guardado en:
Autor Principal: Palis Júnior, Jacob.
Otros Autores: Takens, Floris.
Formato: Libro
Idioma:English
Publicado: Cambridge : Cambridge University Press, 1993.
Series:Cambridge studies in advanced mathematics ; 35
Materias:
Acceso en línea:Publisher description
Etiquetas: Agregar Etiqueta
Sin Etiquetas, Sea el primero en etiquetar este registro!
LEADER 02009cam a2200325 a 4500
001 MAT.inmabb003726
008 931215s1993####enka#####b####001#0#eng##
005 20130402231832.0
245 1 0 |a Hyperbolicity and sensitive chaotic dynamics at homoclinic bifurcations :  |b fractal dimensions and infinitely many attractors /  |c Jacob Palis, Floris Takens. 
260 |a Cambridge :  |b Cambridge University Press,  |c 1993. 
300 |a x, 234 p. :  |b il. ;  |c 24 cm. 
440 0 |a Cambridge studies in advanced mathematics ;  |v 35 
504 |a Incluye referencias bibliográficas (p. [223]-232) e índice. 
505 0 |a 0. Hyperbolicity, stability and sensitive chaotic dynamical systems -- 1. Examples of homoclinic orbits in dynamical systems -- 2. Dynamical consequences of a transverse homoclinic intersection -- 3. Homoclinic tangencies: cascades of bifurcations, scaling and quadratic maps -- 4. Cantor sets in dynamics and fractal dimensions -- 5. Homoclinic bifurcations: fractal dimensions and measure of bifurcation sets -- 6. Infinitely many sinks and homoclinic tangencies -- 7. Overview, conjectures and problems - A theory of homoclinic bifurcations - Strange attractors. 
500 |a Contiene una reimpresión del artículo Hyperbolicity and the creation of homoclinic orbits. Ann. of Math. 125 (1987), no. 2, 337-374. 
510 4 |a MR,  |c 94h:58129 
020 |a 0521390648 
020 |a 0521475724 (pbk) 
100 1 |a Palis Júnior, Jacob. 
700 1 |a Takens, Floris. 
700 1 2 |a Palis Júnior, Jacob.  |t Hyperbolicity and the creation of homoclinic orbits. 
246 1 4 |a Hyperbolicity & sensitive chaotic dynamics at homoclinic bifurcations. 
650 0 |a Bifurcation theory. 
650 0 |a Differentiable dynamical systems. 
650 0 |a Chaotic behavior in systems. 
084 |a 37Dxx (37Gxx)  |2 msc2000 
010 |a  93243931  
040 |a DLC  |c DLC  |d DLC 
856 4 2 |3 Publisher description  |u http://www.loc.gov/catdir/description/cam032/93243931.html 
859 |h 37  |i P163h  |p A-7088  |b BIB. MATEMATICA